Statystyki dla Państwa Ameryki Łacińskiej - quiz na mapie

Kliknij tutaj aby rozwiązać quiz!

Ogólne statystyki

  • Ten quiz został rozwiązany 13 226 razy
  • Średni wynik to 15 z 20

Odpowiedzi na mapie

Odpowiedzi skodowane kolorowo w zielono-czerwonej skali na mapie do tego quizu, zgodnie z poniższymi procentami.
 

Statystyki odpowiedzi

Odpowiedź% Poprawnych
Meksyk
92%
Brazylia
89%
Argentyna
88%
Chile
87%
Peru
77%
Boliwia
76%
Kuba
76%
Panama
75%
Wenezuela
75%
Kolumbia
74%
Paragwaj
74%
Urugwaj
74%
Dominikana
73%
Ekwador
72%
Haiti
66%
Kostaryka
62%
Gwatemala
60%
Nikaragua
57%
Salwador
57%
Honduras
56%

Rozkład punktacji

Percentyl według liczby udzielonych odpowiedzi

Procent ludzi z każdym wynikiem

Twoja historia wyników

Nie rozwiązałeś tego quizu